10 największych i najmniejszych państw w Europie - Statystyki

Ogólne statystyki
  • Ten quiz został rozwiązany 499 razy
  • Średni wynik to 22 z 25
Statystyki odpowiedzi
# Odpowiedź % Poprawnych
1. Rosja
99%
3. Francja
97%
8. Polska
97%
1. Watykan
97%
6. Hiszpania
96%
2. Niemcy
96%
7. Ukraina
95%
5. Włochy
94%
3. San Marino
92%
8. Szwecja
92%
7. Finlandia
91%
2. Monako
91%
8. Norwegia
91%
4. Liechtenstein
90%
4. Wielka Brytania
89%
6. Andora
88%
7. Luksemburg
88%
8. Kosowo
83%
5. Malta
81%
9. Rumunia
78%
9. Czarnogóra
73%
10. Słowenia
71%
10. Estonia
70%
10. Holandia
70%
6. Islandia
64%
Nie znaleziono quizów pasujących do podanych kryteriów
Rozkład punktacji
Procent ludzi z każdym wynikiem
Percentyl według liczby udzielonych odpowiedzi
Twoja historia wyników
Nie rozwiązałeś tego quizu